| 000 | 00576nam a22001937a 4500 | ||
|---|---|---|---|
| 003 | OSt | ||
| 005 | 20140310181751.0 | ||
| 008 | 130627t xxu||||| |||| 00| 0 eng d | ||
| 020 | _a9789714801349 | ||
| 050 |
_aQ 1 _b.B334 1995 |
||
| 082 |
_aFIL 505 _bB31 1995 |
||
| 245 |
_aBato Balani : for science and technology SY '95-'96 : _bfreshman, sophomore, Junior, senior / _cedited by Lourdes F. Lozana. |
||
| 260 |
_aMakati City : _bDiwa Scholastic Press, _c1995. |
||
| 300 |
_a463 p. ; _c25 cm. |
||
| 562 | _e1 | ||
| 650 | _aScience | ||
| 942 |
_2lcc _cBK |
||
| 999 |
_c3203 _d3203 |
||